00599cam a22001934a 45000010009000000050017000090080041000260100017000670200025000840200022001090400018001310410008001490800012001571000007001691010008001762450117001842460042003015040062003431480571820180227034913.0070412s2009 ohua b 001 0 eng  a 2007926821 a9780324568608 (hbk.) a0324568606 (hbk.) aDLCcDLCdDLC aeng a33 dav1 a60 abus10aEssentials of statistics for business and economics /cDavid R. Anderson, Dennis J. Sweeney, Thomas A. Williams.30aStatistics for business and economics aIncludes bibliographical references (p. [580]) and index.